Thể dục phục hồi chức năng Phục hồi công năng vận động

সংরক্ষণ করুন:
গ্রন্থ-পঞ্জীর বিবরন
প্রধান লেখক: Dương Xuân Đạm
বিন্যাস: গ্রন্থ
ভাষা:Undetermined
প্রকাশিত: Hà Nội Thể dục thể thao 1978
বিষয়গুলি:
ট্যাগগুলো: ট্যাগ যুক্ত করুন
কোনো ট্যাগ নেই, প্রথমজন হিসাবে ট্যাগ করুন!
Thư viện lưu trữ: Trung tâm Học liệu Trường Đại học Cần Thơ
LEADER 00618nam a2200193Ia 4500
001 CTU_7813
008 210402s9999 xx 000 0 und d
082 |a 613.71 
082 |b Đ104 
100 |a Dương Xuân Đạm 
245 0 |a Thể dục phục hồi chức năng 
245 0 |b Phục hồi công năng vận động 
245 0 |c Dương Xuân Đạm 
260 |a Hà Nội 
260 |b Thể dục thể thao 
260 |c 1978 
650 |a physical fitness,therapeutics 
904 |i Nguyễn Huỳnh Mai, 960831 
980 |a Trung tâm Học liệu Trường Đại học Cần Thơ